00566cam a22001814a 450000500170000000800410001701000140005802000260007203500130009803700130011104000080012410000190013224500620015126000440021330000270025750400520028465000480033620091016122038.0090107s2008 ii b 001 0 eng  aENG-95574 a9788178311609c395.00 aEN-79107 bDBAD/PUB aDPL aJain, Vandana. aJudicial administration in ancient India /cVandana Jain. aNew Delhi :bManak Publications,c2008. aviii, 150 p. ;c22 cm. aIncludes bibliographical references and index. aJustice, Administration ofzIndiaxHistory.